<?xml version="1.0" encoding="UTF-8"?><?xml-stylesheet type="text/xsl" href="static/style.xsl"?><OAI-PMH xmlns="http://www.openarchives.org/OAI/2.0/" xmlns:xsi="http://www.w3.org/2001/XMLSchema-instance" xsi:schemaLocation="http://www.openarchives.org/OAI/2.0/ http://www.openarchives.org/OAI/2.0/OAI-PMH.xsd"><responseDate>2026-04-27T21:36:38Z</responseDate><request verb="GetRecord" identifier="oai:uvadoc.uva.es:10324/80552" metadataPrefix="marc">https://uvadoc.uva.es/oai/request</request><GetRecord><record><header><identifier>oai:uvadoc.uva.es:10324/80552</identifier><datestamp>2026-03-11T12:32:53Z</datestamp><setSpec>com_10324_1179</setSpec><setSpec>com_10324_931</setSpec><setSpec>com_10324_894</setSpec><setSpec>col_10324_1306</setSpec></header><metadata><record xmlns="http://www.loc.gov/MARC21/slim" xmlns:doc="http://www.lyncode.com/xoai" xmlns:xsi="http://www.w3.org/2001/XMLSchema-instance" xmlns:dcterms="http://purl.org/dc/terms/" xsi:schemaLocation="http://www.loc.gov/MARC21/slim http://www.loc.gov/standards/marcxml/schema/MARC21slim.xsd">
<leader>00925njm 22002777a 4500</leader>
<datafield tag="042" ind1=" " ind2=" ">
<subfield code="a">dc</subfield>
</datafield>
<datafield tag="720" ind1=" " ind2=" ">
<subfield code="a">López-Gómez, Juan José</subfield>
<subfield code="e">author</subfield>
</datafield>
<datafield tag="720" ind1=" " ind2=" ">
<subfield code="a">Estévez-Asensio, Lucía</subfield>
<subfield code="e">author</subfield>
</datafield>
<datafield tag="720" ind1=" " ind2=" ">
<subfield code="a">Cebriá, Ángela</subfield>
<subfield code="e">author</subfield>
</datafield>
<datafield tag="720" ind1=" " ind2=" ">
<subfield code="a">Izaola Jauregui, Olatz</subfield>
<subfield code="e">author</subfield>
</datafield>
<datafield tag="720" ind1=" " ind2=" ">
<subfield code="a">Pérez López, Paloma</subfield>
<subfield code="e">author</subfield>
</datafield>
<datafield tag="720" ind1=" " ind2=" ">
<subfield code="a">González-Gutiérrez, Jaime</subfield>
<subfield code="e">author</subfield>
</datafield>
<datafield tag="720" ind1=" " ind2=" ">
<subfield code="a">Primo-Martín, David</subfield>
<subfield code="e">author</subfield>
</datafield>
<datafield tag="720" ind1=" " ind2=" ">
<subfield code="a">Jiménez-Sahagún, Rebeca</subfield>
<subfield code="e">author</subfield>
</datafield>
<datafield tag="720" ind1=" " ind2=" ">
<subfield code="a">Gómez-Hoyos, Emilia</subfield>
<subfield code="e">author</subfield>
</datafield>
<datafield tag="720" ind1=" " ind2=" ">
<subfield code="a">Rico-Bargues, Daniel</subfield>
<subfield code="e">author</subfield>
</datafield>
<datafield tag="720" ind1=" " ind2=" ">
<subfield code="a">Godoy, Eduardo Jorge</subfield>
<subfield code="e">author</subfield>
</datafield>
<datafield tag="720" ind1=" " ind2=" ">
<subfield code="a">Luis Román, Daniel Antonio de</subfield>
<subfield code="e">author</subfield>
</datafield>
<datafield tag="260" ind1=" " ind2=" ">
<subfield code="c">2025</subfield>
</datafield>
<datafield tag="520" ind1=" " ind2=" ">
<subfield code="a">El estudio evalúa la relación entre **inflamación sistémica y masa y calidad muscular** en 502 pacientes con riesgo de desnutrición mediante **ecografía muscular asistida por inteligencia artificial** del recto femoral. La inflamación, definida por proteína C reactiva >3 mg/L, estuvo presente en el 44,8% de los pacientes y se asoció a **menor área y grosor muscular**, así como a **peor calidad muscular**, caracterizada por menor proporción de tejido muscular y mayor infiltración grasa. El análisis multivariante mostró que la inflamación incrementa el riesgo de baja masa muscular y deterioro de la calidad muscular, independientemente de edad y sexo. La ecografía con IA permitió una evaluación objetiva y reproducible, evidenciando que la inflamación es un determinante clave del deterioro muscular en la desnutrición relacionada con la enfermedad.</subfield>
</datafield>
<datafield tag="024" ind2=" " ind1="8">
<subfield code="a">Nutrients. 2025; 17(10):1620</subfield>
</datafield>
<datafield tag="024" ind2=" " ind1="8">
<subfield code="a">https://uvadoc.uva.es/handle/10324/80552</subfield>
</datafield>
<datafield tag="024" ind2=" " ind1="8">
<subfield code="a">10.3390/nu17101620</subfield>
</datafield>
<datafield tag="024" ind2=" " ind1="8">
<subfield code="a">1620</subfield>
</datafield>
<datafield tag="024" ind2=" " ind1="8">
<subfield code="a">10</subfield>
</datafield>
<datafield tag="024" ind2=" " ind1="8">
<subfield code="a">Nutrients</subfield>
</datafield>
<datafield tag="024" ind2=" " ind1="8">
<subfield code="a">17</subfield>
</datafield>
<datafield tag="024" ind2=" " ind1="8">
<subfield code="a">2072-6643</subfield>
</datafield>
<datafield tag="245" ind1="0" ind2="0">
<subfield code="a">Artificial Intelligence-Assisted Muscular Ultrasonography for Assessing Inflammation and Muscle Mass in Patients at Risk of Malnutrition</subfield>
</datafield>
</record></metadata></record></GetRecord></OAI-PMH>